000 00413nam a2200169 a 4500
001 0000-9336
003 ELIB.Books
008 110520 1987
035 _a(ELIB.Books)0000-9488
082 _a253.5
_bLea
100 _aLeadership
245 _aWhen to take a Risk
260 _bTexas: Word Books Publisher
_c1987
650 _aPreaching
942 _2ddc
_cBK
998 _cbat
_e2011-05-20
999 _c9336
_d9336